[Event "GER-ch Blitz (Women)"]
[Site "Viernheim"]
[Date "2023.07.15"]
[Round "26"]
[White "Heinemann, Josefine"]
[Black "Margaryan, Susanna"]
[Result "1-0"]
[WhiteElo "2297"]
[BlackElo "1464"]
[PlyCount "41"]
[EventDate "2023.07.15"]
[EventType "tourn (blitz)"]
[EventRounds "27"]
[EventCountry "GER"]
[SourceTitle "CBM 215 Extra"]
[Source "ChessBase"]
[SourceDate "2023.09.30"]
[SourceVersion "1"]
[SourceVersionDate "2023.09.30"]
[SourceQuality "1"]

1. e4 c5 2. c3 e6 3. d4 cxd4 4. cxd4 d5 5. e5 Nc6 6. Nc3 Qb6 7. Nf3 h5 8. Bd3 Nh6 9. 0-0 Nf5 10. Bxf5 exf5 11. Nxd5 Qd8 12. Nc3 Be7 13. d5 Nb8 14. d6 Bh4 15. g3 Bxg3 16. fxg3 Be6 17. Be3 Nd7 18. Nd5 0-0 19. Ne7+ Kh7 20. Ng5+ Kh8 21. Qxh5# 1-0

[Event "GER-ch Blitz (Women)"]
[Site "Viernheim"]
[Date "2023.07.15"]
[Round "11"]
[White "Margaryan, Susanna"]
[Black "Ley, Sabrina"]
[Result "1/2-1/2"]
[WhiteElo "1464"]
[BlackElo "1838"]
[PlyCount "91"]
[EventDate "2023.07.15"]
[EventType "tourn (blitz)"]
[EventRounds "27"]
[EventCountry "GER"]
[SourceTitle "CBM 215 Extra"]
[Source "ChessBase"]
[SourceDate "2023.09.30"]
[SourceVersion "1"]
[SourceVersionDate "2023.09.30"]
[SourceQuality "1"]

1. e4 d5 2. exd5 Qxd5 3. Nc3 Qd6 4. d4 Nf6 5. Nf3 a6 6. Bc4 b5 7. Bb3 Bb7 8. 0-0 e6 9. Ne5 c5 10. Nxf7 Kxf7 11. dxc5 Qxd1 12. Rxd1 Bxc5 13. Bf4 Nbd7 14. Bg5 Nb6 15. Bxf6 gxf6 16. Rd3 Rhg8 17. g3 Rad8 18. Rad1 Rxd3 19. Rxd3 Ke7 20. a4 bxa4 21. Nxa4 Nxa4 22. Bxa4 Rd8 23. Rc3 Bd4 24. Rc7+ Kf8 25. Rxb7 h6 26. c3 Be5 27. Rb6 Rd2 28. Rxa6 Rxb2 29. Rxe6 Bxc3 30. Bc6 Bd4 31. Re4 Bxf2+ 32. Kf1 Bb6 33. Re8+ Kf7 34. Rb8 Rb1+ 35. Ke2 Rb2+ 36. Kd3 Ke7 37. Rb7+ Kd6 38. Bf3 Rb3+ 39. Ke2 Rb2+ 40. Kf1 Rb1+ 41. Kg2 Rg1+ 42. Kh3 Bc5 43. Bg4 Ke5 44. Rb5 Kd6 45. Rb7 Ke5 46. Rb5 1/2-1/2

[Event "GER-ch Blitz (Women)"]
[Site "Viernheim"]
[Date "2023.07.15"]
[Round "25"]
[White "Margaryan, Susanna"]
[Black "Sieber, Fiona"]
[Result "0-1"]
[WhiteElo "1464"]
[BlackElo "2323"]
[PlyCount "168"]
[EventDate "2023.07.15"]
[EventType "tourn (blitz)"]
[EventRounds "27"]
[EventCountry "GER"]
[SourceTitle "CBM 215 Extra"]
[Source "ChessBase"]
[SourceDate "2023.09.30"]
[SourceVersion "1"]
[SourceVersionDate "2023.09.30"]
[SourceQuality "1"]

1. e4 c5 2. Nf3 d6 3. c3 Nf6 4. e5 dxe5 5. Nxe5 Nbd7 6. Nxd7 Bxd7 7. d4 e6 8. Be3 cxd4 9. Bxd4 Bc6 10. Qb3 Be7 11. Bb5 Qd7 12. Bxc6 Qxc6 13. 0-0 0-0 14. Nd2 Nd7 15. Qd1 e5 16. Be3 f5 17. f3 Bc5 18. Bxc5 Nxc5 19. Nb3 Rad8 20. Qe2 Rfe8 21. Qc4+ Ne6 22. Qxc6 bxc6 23. Rfe1 Nf4 24. Rad1 Rd5 25. c4 Rd3 26. Nc5 Ne2+ 27. Kf1 Rxd1 28. Rxd1 Nd4 29. Nb3 Nxb3 30. axb3 Rb8 31. Rd3 Rb7 32. Kf2 Kf7 33. g3 Ke6 34. c5 Ke7 35. h3 Rb5 36. Rc3 Ke6 37. Ke3 Kd5 38. g4 f4+ 39. Kd3 Rxc5 40. h4 g6 41. g5 Rb5 42. Kd2 Rb4 43. Rd3+ Rd4 44. Kc3 c5 45. Kd2 a5 46. Kc3 e4 47. fxe4+ Kxe4 48. Rh3 f3 49. h5 f2 50. Rh4+ Ke5 51. Rh1 Rf4 52. Rf1 gxh5 53. Kd2 Kf5 54. Ke2 Kxg5 55. Rxf2 Rxf2+ 56. Kxf2 Kf4 57. Ke2 h4 58. Kf1 Kf3 59. Kg1 Kg3 60. Kh1 h3 61. Kg1 h2+ 62. Kh1 Kh3 63. b4 axb4 64. b3 Kg4 65. Kxh2 Kf4 66. Kg2 Ke3 67. Kg3 Kd3 68. Kf3 Kc3 69. Ke3 Kxb3 70. Kd2 c4 71. Kc1 c3 72. Kb1 c2+ 73. Kc1 h5 74. Kd2 Kb2 75. Kd3 c1Q 76. Kd4 Qc3+ 77. Kd5 Kb3 78. Kd6 Qd4+ 79. Ke6 Kc4 80. Ke7 Qe5+ 81. Kd7 Kc5 82. Kc8 Qe7 83. Kb8 Kb6 84. Ka8 Qa7# 0-1

[Event "GER-chT U20 Girls"]
[Site "Kiel"]
[Date "2022.07.24"]
[Round "3.4"]
[White "Margaryan, Susanna"]
[Black "Malinowsky, Celina"]
[Result "1-0"]
[WhiteElo "1436"]
[BlackElo "1519"]
[PlyCount "63"]
[EventDate "2022.07.22"]
[EventType "team-swiss"]
[EventRounds "7"]
[EventCountry "GER"]
[SourceTitle "CBM 209 Extra"]
[Source "ChessBase"]
[SourceDate "2022.09.30"]
[SourceVersion "1"]
[SourceVersionDate "2022.09.30"]
[SourceQuality "1"]
[WhiteTeam "Elmshorn"]
[BlackTeam "Kiel Doppelbauer"]
[WhiteTeamCountry "GER"]
[BlackTeamCountry "GER"]

1. d4 d5 2. c4 e6 3. cxd5 exd5 4. Nc3 Nf6 5. Bg5 Be7 6. Nf3 Nbd7 7. e3 c6 8. Bd3 0-0 9. 0-0 Re8 10. Qc2 Nf8 11. Rab1 a5 12. a3 Qd6 13. b4 axb4 14. axb4 Ng4 15. Bf4 Qe6 16. b5 Bd6 17. Bxd6 Qxd6 18. bxc6 bxc6 19. Rb6 Re6 20. Rc1 Bd7 21. Bf5 Rh6 22. h3 Bxf5 23. Qxf5 Qa3 24. Qc2 Qa5 25. Rcb1 Nd7 26. Rb7 Ngf6 27. Ne5 Nxe5 28. dxe5 Ne8 29. Qf5 f6 30. Qe6+ Kh8 31. Qf7 Qa3 32. Re7 1-0

[Event "GER-ch U16 Girls"]
[Site "Willingen"]
[Date "2021.08.24"]
[Round "3"]
[White "Margaryan, Susanna"]
[Black "Kalina, Lena"]
[Result "0-1"]
[WhiteElo "1494"]
[BlackElo "1605"]
[PlyCount "66"]
[EventDate "2021.08.22"]
[EventType "swiss"]
[EventRounds "9"]
[EventCountry "GER"]
[SourceTitle "EXT 2022"]
[Source "ChessBase"]
[SourceDate "2021.10.06"]
[SourceVersion "1"]
[SourceVersionDate "2021.10.06"]
[SourceQuality "1"]

1. d4 Nf6 2. c4 g6 3. Nc3 Bg7 4. e3 0-0 5. Nf3 d6 6. Be2 Nbd7 7. 0-0 e5 8. Qc2 c6 9. b4 Qc7 10. a4 d5 11. Ba3 exd4 12. Nxd4 dxc4 13. Bxc4 Ng4 14. g3 Qe5 15. h3 Nxe3 16. fxe3 Qxe3+ 17. Kg2 Bxd4 18. b5 Qxc3 19. Qxc3 Bxc3 20. Bxf8 Bxa1 21. Bh6 Ne5 22. Bb3 Bd4 23. Rd1 c5 24. Bd5 Be6 25. Bxb7 Rb8 26. Ba6 Bd5+ 27. Kf1 Bc4+ 28. Kg2 Bb3 29. Rb1 Bxa4 30. Bf4 Rd8 31. b6 Bc6+ 32. Kf1 axb6 33. Rxb6 Bd7 0-1

[Event "GER-chT Lands U20"]
[Site "Berlin"]
[Date "2020.10.03"]
[Round "6.7"]
[White "Margaryan, Susanna"]
[Black "Marrufo, Emilia"]
[Result "1-0"]
[WhiteElo "1450"]
[BlackElo "796"]
[PlyCount "103"]
[EventDate "2020.09.29"]
[EventType "team-swiss"]
[EventRounds "7"]
[EventCountry "GER"]
[SourceTitle "CBM 198 Extra"]
[Source "ChessBase"]
[SourceDate "2020.11.30"]
[SourceVersion "1"]
[SourceVersionDate "2020.11.30"]
[SourceQuality "1"]
[WhiteTeam "Schleswig Holstein U20"]
[BlackTeam "Bremen U20"]
[WhiteTeamCountry "GER"]
[BlackTeamCountry "GER"]

1. e4 d5 2. exd5 Qxd5 3. Nc3 Qd8 4. Bc4 Nf6 5. d4 Bg4 6. f3 Bf5 7. Nge2 e6 8. 0-0 Bd6 9. Bg5 Be7 10. Ng3 0-0 11. Nxf5 exf5 12. Qd3 Nh5 13. Bxe7 Qxe7 14. Nd5 Qd7 15. Rfe1 g6 16. Re7 Qd6 17. Rxc7 Nf4 18. Nxf4 Qxc7 19. Nd5 Qd6 20. Re1 Nc6 21. a3 Rae8 22. Rd1 Re6 23. Nc3 Re7 24. Nb5 Qf4 25. Nc3 Rfe8 26. Nd5 Re1+ 27. Rxe1 Rxe1+ 28. Kf2 Qh4+ 29. g3 Qg5 30. Kxe1 Qc1+ 31. Ke2 Qh1 32. f4 Qxh2+ 33. Kd1 Qg1+ 34. Kd2 Nxd4 35. Kc3 Ne6 36. Qe3 Qg2 37. Ne7+ Kg7 38. Bd5 Qh3 39. Bxb7 Nc7 40. Qe5+ Kh6 41. Ng8+ Kh5 42. Bf3+ Qg4 43. Bxg4+ Kxg4 44. Qxc7 Kxg3 45. Kd2 h5 46. Qxf7 h4 47. Qxg6+ Kxf4 48. Qh5 Kg3 49. Ke2 h3 50. Qg5+ Kh2 51. Kf2 a6 52. Qg1# 1-0

[Event "GER-chT Lands U20"]
[Site "Berlin"]
[Date "2020.09.30"]
[Round "2.8"]
[White "Margaryan, Susanna"]
[Black "Chassard, Cecilia"]
[Result "1-0"]
[WhiteElo "1450"]
[BlackElo "980"]
[PlyCount "91"]
[EventDate "2020.09.29"]
[EventType "team-swiss"]
[EventRounds "7"]
[EventCountry "GER"]
[SourceTitle "CBM 198 Extra"]
[Source "ChessBase"]
[SourceDate "2020.11.30"]
[SourceVersion "1"]
[SourceVersionDate "2020.11.30"]
[SourceQuality "1"]
[WhiteTeam "Schleswig Holstein U20"]
[BlackTeam "Saarland U20"]
[WhiteTeamCountry "GER"]
[BlackTeamCountry "GER"]

1. d4 d5 2. c4 dxc4 3. e3 Be6 4. Nc3 Nc6 5. d5 Bxd5 6. Qxd5 Qxd5 7. Nxd5 0-0-0 8. Nc3 Ne5 9. Bd2 Nd3+ 10. Bxd3 cxd3 11. Nf3 e6 12. 0-0 Bb4 13. a3 Bxc3 14. Bxc3 Nf6 15. Rfd1 Ne4 16. Ne5 Rhf8 17. Rxd3 Rxd3 18. Nxd3 Nxc3 19. bxc3 Rd8 20. Rd1 e5 21. Nb2 Rxd1+ 22. Nxd1 f6 23. Kf1 Kd7 24. Ke2 Kd6 25. Kd3 Kd5 26. e4+ Kc5 27. Nb2 g6 28. g3 f5 29. f4 fxe4+ 30. Kxe4 exf4 31. gxf4 h6 32. h4 h5 33. Ke5 b6 34. Kf6 a5 35. Kxg6 Kd5 36. f5 Kd6 37. f6 Kd7 38. f7 Ke7 39. Kg7 c5 40. f8Q+ Kd7 41. Qf6 Ke8 42. Qf7+ Kd8 43. Qb7 Ke8 44. Kf6 Kd8 45. Ke6 b5 46. Qd7# 1-0

[Event "GER-chT U14 Girls"]
[Site "Neumuenster"]
[Date "2019.12.29"]
[Round "5.8"]
[White "Mueller, Helene"]
[Black "Margaryan, Susanna"]
[Result "0-1"]
[WhiteElo "1545"]
[BlackElo "1395"]
[PlyCount "136"]
[EventDate "2019.12.27"]
[EventType "team-swiss"]
[EventRounds "7"]
[EventCountry "GER"]
[SourceTitle "CBM 194 Extra"]
[Source "ChessBase"]
[SourceDate "2020.03.31"]
[SourceVersion "1"]
[SourceVersionDate "2020.03.31"]
[SourceQuality "1"]
[WhiteTeam "Lichtenberg Borussia"]
[BlackTeam "Elmshorn"]
[WhiteTeamCountry "GER"]
[BlackTeamCountry "GER"]

1. e4 d5 2. exd5 Qxd5 3. Nc3 Qa5 4. d4 c6 5. Nf3 Bf5 6. Bc4 e6 7. Bd2 Nf6 8. 0-0 Be7 9. d5 cxd5 10. Nxd5 Qd8 11. Nxe7 Qxe7 12. Bb5+ Nbd7 13. Bg5 0-0-0 14. Qd4 Nb6 15. Qc3+ Kb8 16. Bf4+ Ka8 17. Be3 Nbd5 18. Qc5 Qxc5 19. Bxc5 Bxc2 20. b4 b6 21. Bc6+ Kb8 22. Bxd5 Nxd5 23. Bd4 f6 24. a3 e5 25. Bxe5+ fxe5 26. Nxe5 Rde8 27. Nc6+ Kb7 28. b5 Bd3 29. Rfd1 Bxb5 30. Nxa7 Kxa7 31. Rxd5 Bc6 32. Rd2 Rd8 33. Re2 Rhe8 34. Rc2 Kb7 35. Rac1 Rc8 36. Rb2 Ba4 37. Rcb1 b5 38. Rd2 Re7 39. h3 Rec7 40. Rb4 Rc3 41. Rd7+ R8c7 42. Rd2 Rxa3 43. Re2 Kb6 44. Re6+ Kc5 45. Rbe4 Rd3 46. R6e5+ Rd5 47. Re8 Rd4 48. R4e5+ Kc4 49. Ra8 Kb3 50. Re3+ Kc2 51. Re2+ Kd1 52. Re6 Bb3 53. Rb6 b4 54. Ra1+ Rc1 55. Ra7 Ke2+ 56. Kh2 Kxf2 57. Rxg7 Rdd1 58. Rf6+ Ke2 59. Re7+ Kd2 60. Rd6+ Kc2 61. Re2+ Kb1 62. Rb6 Rd4 63. Rb7 Bc2 64. Re3 b3 65. Ra7 Rcd1 66. Rc3 b2 67. Rb7 Kc1 68. Rbb3 b1Q 0-1

[Event "GER-chT U14 Girls"]
[Site "Neumuenster"]
[Date "2019.12.27"]
[Round "2.8"]
[White "Margaryan, Susanna"]
[Black "Muhina, Liana"]
[Result "1-0"]
[WhiteElo "1395"]
[BlackElo "1272"]
[PlyCount "119"]
[EventDate "2019.12.27"]
[EventType "team-swiss"]
[EventRounds "7"]
[EventCountry "GER"]
[SourceTitle "CBM 194 Extra"]
[Source "ChessBase"]
[SourceDate "2020.03.31"]
[SourceVersion "1"]
[SourceVersionDate "2020.03.31"]
[SourceQuality "1"]
[WhiteTeam "Elmshorn"]
[BlackTeam "Garching"]
[WhiteTeamCountry "GER"]
[BlackTeamCountry "GER"]

1. d4 d5 2. c4 e6 3. cxd5 exd5 4. Nc3 Nf6 5. Bg5 Be7 6. Nf3 0-0 7. e3 Bg4 8. Be2 Nc6 9. h3 Bh5 10. 0-0 h6 11. Bh4 Re8 12. Qb3 Rb8 13. Bxf6 Bxf6 14. Qxd5 Qxd5 15. Nxd5 Bxd4 16. Nxd4 Nxd4 17. Bxh5 Re5 18. exd4 Rxh5 19. Ne3 Rd8 20. Rfd1 Rb5 21. Rab1 c6 22. a3 a5 23. b4 a4 24. Rbc1 Rb6 25. d5 cxd5 26. Nxd5 Rbd6 27. Nc3 Rxd1+ 28. Rxd1 Ra8 29. Rd7 b6 30. Rb7 Rc8 31. Nxa4 Rc1+ 32. Kh2 Ra1 33. Rxb6 Rxa3 34. Nc5 Kf8 35. Ra6 Rxa6 36. Nxa6 Ke7 37. b5 Kd7 38. Kg3 Kc8 39. Kf4 Kb7 40. Ke5 Kb6 41. Kd6 Kxb5 42. Nc7+ Kc4 43. Ke7 Kd3 44. Kxf7 Ke2 45. Kxg7 Kxf2 46. g4 Kg3 47. Kxh6 Kxh3 48. g5 Kh4 49. g6 Kg4 50. g7 Kf4 51. g8Q Ke4 52. Qd8 Ke3 53. Qd5 Ke2 54. Kg5 Ke3 55. Kg4 Ke2 56. Qb3 Kd2 57. Kf4 Ke2 58. Qc2+ Ke1 59. Kf3 Kf1 60. Qf2# 1-0

[Event "GER-ch U14 Girls"]
[Site "Willingen"]
[Date "2019.06.13"]
[Round "7"]
[White "Liu, Sijia Anna"]
[Black "Margaryan, Susanna"]
[Result "1-0"]
[WhiteElo "1689"]
[BlackElo "1187"]
[PlyCount "57"]
[EventDate "2019.06.08"]
[EventType "swiss"]
[EventRounds "9"]
[EventCountry "GER"]
[SourceTitle "CBM 191 Extra"]
[Source "ChessBase"]
[SourceDate "2019.09.30"]
[SourceVersion "1"]
[SourceVersionDate "2019.09.30"]
[SourceQuality "1"]

1. e4 d5 2. exd5 Qxd5 3. Nc3 Qa5 4. d4 c6 5. Bc4 Bf5 6. Nf3 Nf6 7. 0-0 e6 8. Re1 Bg4 9. d5 cxd5 10. Nxd5 Nxd5 11. Bxd5 Qc7 12. h3 Bxf3 13. Qxf3 Nc6 14. Bf4 Qc8 15. Qg3 Nd4 16. Re4 Nf5 17. Qb3 Qd7 18. Rae1 Be7 19. Bxb7 Rd8 20. Rc4 0-0 21. Bc6 Qc8 22. Be4 Qd7 23. Rc7 Qd4 24. c3 Qf6 25. Rxa7 Rfe8 26. Qc2 g6 27. Bc6 Rf8 28. Bc7 Rc8 29. Be5 1-0

[Event "GER-chT U14 Girls"]
[Site "Neumuenster"]
[Date "2018.12.30"]
[Round "7.3"]
[White "Nguyen, Jenny Ha Linh"]
[Black "Margaryan, Susanna"]
[Result "0-1"]
[WhiteElo "1238"]
[BlackElo "960"]
[PlyCount "160"]
[EventDate "2018.12.27"]
[EventType "team-swiss"]
[EventRounds "7"]
[EventCountry "GER"]
[SourceTitle "CBM 188 Extra"]
[Source "ChessBase"]
[SourceDate "2019.02.26"]
[SourceVersion "1"]
[SourceVersionDate "2019.02.26"]
[SourceQuality "1"]
[WhiteTeam "Leipzig SG"]
[BlackTeam "Elmshorn"]
[WhiteTeamCountry "GER"]
[BlackTeamCountry "GER"]

1. e4 d5 2. exd5 Qxd5 3. Nc3 Qa5 4. d4 c6 5. Bc4 Nf6 6. Bd2 Bf5 7. Nf3 e6 8. 0-0 Be7 9. Re1 0-0 10. Nd5 Qd8 11. Nxe7+ Qxe7 12. h3 Nbd7 13. Nh4 Be4 14. Bg5 Bd5 15. Bd3 h6 16. Bd2 c5 17. dxc5 Qxc5 18. a3 Qb6 19. Bc3 Rfe8 20. Nf3 Rac8 21. Qe2 a6 22. Ne5 Nxe5 23. Qxe5 Qc7 24. Qe3 Nd7 25. Be4 Bxe4 26. Qxe4 e5 27. Rad1 Rcd8 28. f4 Qc5+ 29. Kh1 exf4 30. Qxe8+ Rxe8 31. Rxe8+ Kh7 32. Rxd7 Qc6 33. Ree7 f3 34. Rxf7 fxg2+ 35. Kg1 Kg6 36. Rxg7+ Kh5 37. Rde7 Qc5+ 38. Kh2 g1Q+ 39. Rxg1 Qxe7 40. Re1 Qh4 41. Re5+ Kg6 42. Re6+ Kf7 43. Rf6+ Ke7 44. Rf3 Qe4 45. Rf2 b6 46. Bb4+ Ke6 47. Kg1 h5 48. Bc3 Qe3 49. Kg2 h4 50. Rf3 Qe2+ 51. Rf2 Qe4+ 52. Rf3 Qxc2+ 53. Rf2 Qg6+ 54. Kh1 Qg3 55. Rh2 Kf5 56. Bh8 Ke4 57. Bc3 a5 58. Bh8 Kd3 59. Bc3 Kc4 60. Bh8 b5 61. Bc3 a4 62. Bh8 b4 63. axb4 Kxb4 64. Bc3+ Kb3 65. Bh8 Kc4 66. Rc2+ Kb5 67. Rh2 Qe1+ 68. Kg2 Qe4+ 69. Kg1 Qe3+ 70. Kh1 a3 71. bxa3 Qxa3 72. Be5 Kc5 73. Bf6 Qf3+ 74. Kg1 Qxf6 75. Kg2 Qg5+ 76. Kh1 Qg3 77. Rc2+ Kd4 78. Rh2 Ke4 79. Re2+ Kf3 80. Rh2 Qe1# 0-1